বিষয়বস্তু এড়িয়ে যান
VuFind
ভাষা
English
Deutsch
Español
Français
Italiano
日本語
Nederlands
Português
Português (Brasil)
中文(简体)
中文(繁體)
Türkçe
עברית
Gaeilge
Cymraeg
Ελληνικά
Català
Euskara
Русский
Čeština
Suomi
Svenska
polski
Dansk
slovenščina
اللغة العربية
বাংলা
Galego
Tiếng Việt
Hrvatski
हिंदी
সমস্ত ক্ষেত্রসমূহ
আখ্যা
লেখক
বিষয়
ডাক সংখ্যা
আইসবিএন/আইএসএসএন
ট্যাগ
অনুসন্ধান
বিস্তৃত
অনুসন্ধান
Sedimentology and geochemistry
সাইট করুন
এই ই-মেইলটি
মুদ্রণ
নথি এক্সপোর্ট করুন
এক্সপোর্ট করুন RefWorks
এক্সপোর্ট করুন EndNoteWeb
এক্সপোর্ট করুন EndNote
permanent_link
লোডিং...
Sedimentology and geochemistry
গ্রন্থ-পঞ্জীর বিবরন
ভাষা:
English
হোল্ডিংস
বিবরন
অনুরূপ উপাদানগুলি
স্টাফেদের বিবরণ দেখুন
LEADER
00207nam a22000857a 4500
005
20151028162346.0
008
091121t xxu||||| |||| 00| 0 eng d
245
|a
Sedimentology and geochemistry
942
|c
BK
|6
_
999
|c
80669
|d
80669
অনুরূপ উপাদানগুলি
Geology of clays: weathering, sedimentology, geochemistry
অনুযায়ী: Millot, Georges
প্রকাশিত: (1970)
Geology of clays: weathering, sedimentology, geochemistry
অনুযায়ী: Millot, Georges
প্রকাশিত: (1970)
Sedimentology
অনুযায়ী: Chamley, Herve
প্রকাশিত: (1990)
Sedimentology
অনুযায়ী: Cojan, Isabella, অন্যান্য
প্রকাশিত: (2002)
Sedimentology
অনুযায়ী: Chamley,Herve
প্রকাশিত: (1990)
লোডিং...